000 00628nam a2200181Ia 4500
003 GCL
008 140319s9999 xx 000 0 ara d
040 _aGCL /
_cGCL
082 0 4 _a962.402
_bم م
100 1 _aمكى شبيكة
245 1 0 _aمملكة الفونج الاسلامية (هدية من الاديب عبدالفتاح الجمل) /
_cمكى شبيكة
300 _a127 ص
490 _aالهيئة العامة للاستعلامات
_v0
650 0 4 _aالتاريخ الاسلامى
650 0 4 _aالسودان - تاريخ - العصر الحديث
650 0 4 _aملوك الفونج
942 _2ddc
_cBK
999 _c46948
_d46948